Keutamaan adab & amalan di masjid

Bibliographic Details
Main Author: Mohd Junaidi
Format: Book
Published: Selangor : Pustaka Ilmi , 1995
Subjects:

MARC

LEADER 00000cam a2200000 7i4500
001 0000013424
005 20080114.0
008 080114
020 |a 9839888692 
090 0 0 |a 297.43   |b MOH 
100 0 |a Mohd Junaidi 
245 1 0 |a Keutamaan adab & amalan di masjid   |c Mohd Junaidi 
260 |a Selangor :   |b Pustaka Ilmi ,   |c 1995 
650 0 |a Islam   |x Customs and practices 
650 0 |a Religious   |x Life 
999 |a 0001005432   |b Book   |c Adult Collection   |e Perbadanan Perpustakaan Awam Johor 
999 |a 0001005433   |b Book   |c Adult Collection   |e Perbadanan Perpustakaan Awam Johor 
999 |a 0001005434   |b Book   |c Adult Collection   |e Perbadanan Perpustakaan Awam Johor